Catálogo
 En Linea

El libro de los saltos ; Voy hacia mi casa / (Registro nro. 27702)

Detalles MARC
000 -CABECERA
campo de control de longitud fija 01311nam a2200325 a 4500
001 - NÚMERO DE CONTROL
campo de control 000028210
005 - FECHA Y HORA DE LA ÚLTIMA TRANSACCIÓN
campo de control 20250723150125.0
008 - DATOS DE LONGITUD FIJA--INFORMACIÓN GENERAL
campo de control de longitud fija 110407s2010 dr a 000 p spa d
020 ## - NÚMERO INTERNACIONAL ESTÁNDAR DEL LIBRO
Número Internacional Estándar del Libro 9789993446101
040 ## - FUENTE DE LA CATALOGACIÓN
Centro catalogador/agencia de origen DO-SdBNP
Lengua de catalogación spa
Centro/agencia transcriptor BNPHU
082 ## - NÚMERO DE LA CLASIFICACIÓN DECIMAL DEWEY
Número de clasificación RD861.44
Número de documento/Ítem G869L
100 1# - ENTRADA PRINCIPAL--NOMBRE DE PERSONA
Nombre de persona Gris, Pedro José,
Fechas asociadas al nombre 1958-
9 (RLIN) 25169
245 13 - MENCIÓN DE TÍTULO
Título El libro de los saltos ; Voy hacia mi casa /
Mención de responsabilidad, etc. Pedro José Gris ; estudio de José Enrique García y Bruno Rosario Candelier.
260 ## - PUBLICACIÓN, DISTRIBUCIÓN, ETC.
Lugar de publicación, distribución, etc. Santo Domingo :
Nombre del editor, distribuidor, etc. Ateneo Insular,
Fecha de publicación, distribución, etc. 2010.
300 ## - DESCRIPCIÓN FÍSICA
Extensión 104, 46 p. :
Otras características físicas il. ;
Dimensiones 23 cm.
490 1# - MENCIÓN DE SERIE
Mención de serie Ínsulas extrañas
Designación de volumen o secuencia 16
500 ## - NOTA GENERAL
Nota general Incluye datos biográficos del autor en la solapa de la cubierta.
501 ## - NOTA DE "CON"
Nota de “Con” Publicado con: Voy hacia mi casa.
563 ## - NOTA DE ENCUADERNACIÓN
Nota de encuadernación Dos obras con encuadernación invertida y paginación independiente.
590 ## - NOTA LOCAL (RLIN)
Nota local Inventariado, 2018/LP
600 14 - PUNTO DE ACCESO ADICIONAL DE MATERIA--NOMBRE DE PERSONA
Nombre de persona GRIS, PEDRO JOSÉ,
Fechas asociadas al nombre 1958-
Subdivisión general CRÍTICA E INTERPRETACIÓN
9 (RLIN) 55204
650 #0 - PUNTO DE ACCESO ADICIONAL DE MATERIA--TÉRMINO DE MATERIA
Término de materia o nombre geográfico como elemento de entrada Poesía dominicana
9 (RLIN) 66
650 #0 - PUNTO DE ACCESO ADICIONAL DE MATERIA--TÉRMINO DE MATERIA
Término de materia o nombre geográfico como elemento de entrada Prosa dominicana
9 (RLIN) 12146
650 #0 - PUNTO DE ACCESO ADICIONAL DE MATERIA--TÉRMINO DE MATERIA
Término de materia o nombre geográfico como elemento de entrada Literatura dominicana.
9 (RLIN) 67
700 1# - PUNTO DE ACCESO ADICIONAL--NOMBRE DE PERSONA
Nombre de persona Rosario Candelier, Bruno,
Fechas asociadas al nombre 1941-
9 (RLIN) 851
700 1# - PUNTO DE ACCESO ADICIONAL--NOMBRE DE PERSONA
Nombre de persona García, José Enrique,
Fechas asociadas al nombre 1948-
9 (RLIN) 22487
700 1# - PUNTO DE ACCESO ADICIONAL--NOMBRE DE PERSONA
Nombre de persona Gris, Pedro José,
Título de la obra Voy hacia mi casa
9 (RLIN) 55205
830 #0 - PUNTO DE ACCESO ADICIONAL DE SERIE-TÍTULO UNIFORME
Título uniforme Ínsulas extrañas ;
Designación de volumen o secuencia 16
9 (RLIN) 26778
910 ## - DATOS DE OPCIÓN DEL USUARIO (OCLC)
Datos de opción del usuario Validado. Control de calidad MMOLINA
Existencias
Estado de retiro Estado de pérdida Restricciones de uso No para préstamo Código de colección Localización permanente Ubicación/localización actual Ubicación en estantería Fecha de adquisición Número de inventario Total de préstamos Signatura topográfica completa Código de barras Fecha visto por última vez Número de copia Precio válido a partir de Tipo de ítem Koha
        Dominicana de Servicio General General Depósito 07.04.2011 LF1   RD861.44 G869L 28210-30 25.06.2020 e. 3 25.06.2020 Libro y Folleto Colección Dominicana de Servicio
      Excluido de préstamo Patrimonio Dominicano Patrimonio Dominicano Patrimonio Dominicano Depósito 07.04.2011 LF1   RD861.44 G869L 28210-10 25.06.2020   25.06.2020 Libro y Folleto Colección Patrimonio Dominicano
      Excluido de préstamo Patrimonio Dominicano Patrimonio Dominicano Patrimonio Dominicano Depósito 07.04.2011 LF1   RD861.44 G869L 28210-20 25.06.2020 e. 2 25.06.2020 Libro y Folleto Colección Patrimonio Dominicano

Con tecnología Koha